000 01458nam0a22003491 4500
001 rc\3615106
005 20220325143810.0
021 _aRU
_b[72-52673]
035 _a(NLR Aleph) 007818484
090 _a7735899
_c7735899
100 _a20130115d1972 |||y0rusy50 ca
101 1 _arus
_cfre
102 _aRU
105 _aa z |||||
200 1 _aМетоды социальных наук
_e[Пер. с фр.]
_fПод ред. и вступит. статьей д-ра юрид. наук В.А. Туманова и канд. юрид. наук В.П. Казимирчука
210 _aМосква
_cПрогресс
_d1972
215 _a607 с.
_cчерт.
_d20
225 1 _aДля научных библиотек
300 _aДоп. тит. л.: Methodes des scinces sociales. Roger Pinto et Madeleine Grawitz
320 _aСписки лит. в конце глав
606 _aКонкретно-социологические исследования
_2psbo
606 _aСоциология буржуазная
_2psbo
700 1 _aПэнто
_bР.
_gРоже
701 1 _aГравитц
_bМ.
_gМадлен
702 1 _aТуманов
_bВ. А.
_f1926-2011
_gВладимир Александрович
_3RU\NLR\AUTH\770240677
_4340
_4080
702 1 _aКазимирчук
_bВ. П.
_4340
_4080
801 0 _aRU
_bNLR
_gpsbo
801 1 _aRU
_bELAR
_2rusmarc
852 _aNLR
_j72-3/5995
942 _cBOOK
980 _aNB